01241nam a2200313 a 4500001001100000003000800011006001900019007001500038008004100053010001700094020004000111040002100151035002000172050002300192082001700215100002900232245009600261260003400357300002400391490003300415504006800448533015200516650002700668655002900695700002700724710001700751830003400768856012500802ebr5008071CaPaEBRm u cr cn|||||||||990322s1999 nyua sb 001 0 eng  z 99026378  z0387987398 (hardcover : alk. paper) aCaPaEBRcCaPaEBR a(OCoLC)5348273414aQA278b.B55 1999eb04a519.5/352211 aBilodeau, Martin,d1961-10aTheory of multivariate statisticsh[electronic resource] /cMartin Bilodeau, David Brenner. aNew York :bSpringer,cc1999. axiv, 288 p. :bill.1 aSpringer texts in statistics aIncludes bibliographical references (p. [263]-276) and indexes. aElectronic reproduction.bPalo Alto, Calif. :cebrary,d2013.nAvailable via World Wide Web.nAccess may be limited to ebrary affiliated libraries. 0aMultivariate analysis. 7aElectronic books.2local1 aBrenner, David,d1946-2 aebrary, Inc. 0aSpringer texts in statistics.40uhttp://site.ebrary.com/lib/rucke/Doc?id=5008071zAn electronic book accessible through the World Wide Web; click to view